000 00327nam a2200133Ia 4500
008 230312s9999||||xx |||||||||||||| ||und||
082 _a512
_bALG
245 0 _aAlgebra and Trigonometry
260 _bPunjab Text Book Board
_aPakistan
300 _a426
546 _aEng.
650 _aEngineering
_vBinomial Theorem
942 _cBK
999 _c6409
_d6409